000 00851cab a2200241 4500
001 WB2803-52
008 090401t1992 xxu||||| |||| 00| 0 eng d
035 _a(Sirsi) u7591
041 _aeng
245 _aDTC declines
260 _c1992
350 _a0
490 _aFinancial Times
_v15 January 1992, 22
490 _aChartered Surveyor Weekly
_v38(2) 16 January 1992, 11(1)
520 _aThe continuing recession in the property market hit industrial advisors Debenham Tewson and Chinnocks, where turnover for the half year fell from £20.5m to £16.6m and pre-tax profits dropped from £2.05m to £727,000.
650 _aABOUT RICS-RICS MEMBERS
650 _aLISTED COMPANIES
650 _aQUOTED COMPANIES
650 _aRESULTS
690 _aMANAGEMENT-BUSINESS MANAGEMENT-PROFESSIONAL PRACTICE
942 _n0
948 _c04/03/1997
999 _c4609
_d4609